000 nam a22 a 4500
999 _c538
_d538
003 AKMAL
005 20170504104701.0
008 170504s1994 my 00 may d
020 _a9676103802:
_cRM 10.50
040 _aAKMAL
082 0 4 _a155 MOH
090 0 0 _a155
_bMOH
100 0 _aMohd Salleh Lebar,
_d1949-
_91194
245 1 _aAsas psikologi perkembangan /
_cMohd. Salleh Lebar
260 _aKuala Lumpur :
_bUtusan Publications & Distributors,
_c1994
300 _a204ms. :
_bil. ;
_c22cm
500 _aMengandungi indeks
504 _aBibliografi: ms. 199-202
650 _aDevelopmental psychology
_9897
650 _aPsychology
_9859
942 _2ddc
_cBOOK